Most Popular String Instruments - Statistics

General Stats
  • This quiz has been taken 34 times
  • The average score is 8 of 15
Answer Stats
Answer % Correct
Bass Guitar
97%
Double Bass
97%
Guitar
97%
Violin
97%
Viola
85%
Violoncello
85%
Harp
64%
Banjo
48%
Mandolin
36%
Sitar
36%
Lute
27%
Lyre
15%
Guitarron
6%
Dobro
3%
Vihuela
0%
No matching quizzes found
Score Distribution
Percent of People with Each Score
Percentile by Number Answered
Your Score History
You have not taken this quiz